WWE: Top Rope Finishers - Statistics

General Stats
  • This quiz has been taken 380 times
  • The average score is 5 of 14
Answer Stats
Hint Answer % Correct
Red Arrow Adrian Neville
76%
Five Star Frog Splash Rob Van Dam
71%
Swanton Bomb Jeff Hardy
62%
Coast to Coast Shane McMahon
60%
Superfly Splash Jimmy Snuka
49%
Diving Spear Edge
35%
Harlem Hangover Booker T
34%
450 Splash Justin Gabriel
30%
Diving Headbutt Daniel Bryan
25%
Exploder SIn Cara
17%
Kenton Bomb Mr Kennedy
15%
Shooting Star Press Evan Bourne
9%
Heatseeking Elbow Curt Hawkins
8%
Frog Splash Eddie Guerrero
5%
No matching quizzes found
Score Distribution
Percent of People with Each Score
Percentile by Number Answered
Your Score History
You have not taken this quiz